LIBRARY & INFORMATION CENTRE, KCAET, TAVANUR

ONLINE PUBLIC ACCESS CATALOGUE (OPAC)

Normal view MARC view
  • Tilak Ram

Entry Personal Name

Number of records used in: 1

001 - CONTROL NUMBER

  • control field: 979

003 - CONTROL NUMBER IDENTIFIER

  • control field: OSt

005 - DATE AND TIME OF LATEST TRANSACTION

  • control field: 20160716153928.0

008 - FIXED-LENGTH DATA ELEMENTS

  • fixed length control field: 160716|| aca||aabn | a|a d

040 ## - CATALOGING SOURCE

  • Original cataloging agency: OSt
  • Transcribing agency: OSt

100 ## - HEADING--PERSONAL NAME

  • Personal name: Tilak Ram

670 ## - SOURCE DATA FOUND

  • Source citation: Work cat.: (OSt): Tilak Ram, Food Chemistry, 2013
free website counter